Statystyki dla Kogo to numer - zagraniczny rap #4

Kliknij tutaj aby rozwiązać quiz!

Ogólne statystyki

  • Ten quiz został rozwiązany 15 razy
  • Średni wynik to 6 z 10

Statystyki odpowiedzi

HintOdpowiedź% Poprawnych
CongratulationsPost Malone
100%
STARGAZINGTravis Scott
93%
Dark Knight DummoTrippie Redd
87%
MIDDLE CHILDJ. Cole
80%
Sauce It UpLil Uzi Vert
67%
Fine ChinaJuice WRLD | FUTURE
60%
Niagara Falls (Foot or 2)Metro Boomin | Travis Scott | 21 Savage
60%
All Falls DownKanye West
53%
Window Shopper50 Cent
20%
Kanye WestYoung Thug
20%

Rozkład punktacji

Percentyl według liczby udzielonych odpowiedzi

Procent ludzi z każdym wynikiem

Twoja historia wyników

Nie rozwiązałeś tego quizu